Vista normal
Vista MARC
Entrada Topical Term
Número de registros utilizados en: 1
001 - CONTROL NUMBER
- control field: 41280
003 - CONTROL NUMBER IDENTIFIER
- control field: OSt
005 - DATE AND TIME OF LATEST TRANSACTION
- control field: 20230915232159.0
008 - FIXED-LENGTH DATA ELEMENTS
- fixed length control field: 230915|| aca||aabn | a|a d
040 ## - CATALOGING SOURCE
- Original cataloging agency: OSt
- Transcribing agency: OSt
150 ## - HEADING--TOPICAL TERM
- Topical term or geographic name entry element: FANTASÍA - ENSAYOS, CONFERENCIAS, ETC
670 ## - SOURCE DATA FOUND
- Source citation: Work cat.: (OSt)24005: Kalmanovitz G., Manuel, 1973 - 1219, Bogotá con mar y otras cosas / , 2014